| 000 | 01054nam a2200241 a 4500 | ||
|---|---|---|---|
| 001 | 54905 | ||
| 003 | BD-RjUL | ||
| 005 | 20211209080202.0 | ||
| 008 | 161112s1992 ii ||||| |||| 00| 0 ben d | ||
| 020 |
_a8172150423 _c: IRs.50.00 |
||
| 035 | _a(BD-RjUL)55027 | ||
| 040 |
_aBD-RjUL _bben _cBD-RjUL _dBD-RjUL |
||
| 041 | _aben | ||
| 082 |
_223 _a891.4409 _bMUK 1992 |
||
| 100 |
_aমুরশিদ, গোলাম _9163676 |
||
| 245 | 1 | 0 |
_aকালান্তরে বাংলা গদ্য : _bঔপনিবেশিক আমলে গদ্যের রুপান্তর / _cগোলাম মুরশিদ, |
| 260 |
_aকলকাতা : _bআনান্দ পাবলিশার্স, _c১৯৯২ (১৩৯৯). |
||
| 300 |
_a২১৮ পৃ. ; _c২৩ সেমি. |
||
| 500 | _aনির্ঘন্ট সংযুক্ত | ||
| 650 |
_aবাংলা সাহিত্য _vইতিহাস ও সমালোচনা _9117445 |
||
| 650 |
_aBengali literature _vHistory and Criticism _9163677 |
||
| 942 |
_2ddc _cBK |
||
| 999 |
_c54905 _d54905 |
||